| 000 | 00381nam a2200121Ia 4500 | ||
|---|---|---|---|
| 008 | 190723s9999 xx 000 0 und d | ||
| 020 | _a9780965307888 | ||
| 245 | 4 | _aThe QPB Companion to the lord of the rings/ | |
| 260 |
_aNew York: _bBookspan _c2001 |
||
| 300 |
_aviii, 104 p. : _bill. _c210 cm. |
||
| 650 | _aFantasy fiction, English | ||
| 650 | _aLord of the rings (Tolkien, J.R.R.) | ||
| 999 |
_c362013 _d362013 |
||